000 00771nam a2200253Ia 4500
003 OSt
005 20220928130937.0
006 a|||||r|||| 00| 0
007 ta
008 220927b |||||||| |||| 00| 0 eng d
020 _c4693.6665000000003
024 _a110936
037 _b244, 04/02/2011, Pioneer Book Distributors
_cTextual
040 _aSDCL
_cSDCL
_beng
041 _2eng
_aeng
082 _aX81:8, Q1
100 _aFranzetti Claudio
_9476637
245 0 _aOperational risk modelling and management.
260 _aBoca Raton
_b CRC Press
_c2011
300 _axxiii,389p.
_ccm.
650 _aFinancial Studies
942 _hX81:8, Q1
_cTEXL
_2CC
999 _c789125
_d789125